00467cam a22001217a 4500008004000000082001200040100001900052245006900071260003600140300001200176500011500188650004200303180718b1993 xxu||||| |||| 00| 0 eng d aB1 So13 aBaviskar, B.S. aFactional conflict and the congress dilemma in rural Maharashtra aNew DelhibOrient Longmanc1993 ap.67-84 a[In] Sociology of development and change, edited by Chandrasekhar Bhat, Laxmi Narayan Kadekar and K. Ranga Rao aMaharashtra - Government and Politics